El proceso emprendedor

Detalles Bibliográficos
Autor principal: Sǹchez-Garca̕, Jos ̌C
Otros Autores: Hernǹdez-Sǹchez, Brizeida R.
Formato: eBook
Lenguaje:español
Publicado: Madrid: Dykinson, 2020
Materias:
Acceso en línea:Acceso restringido

MARC

LEADER 00000nam a22000007a 4500
005 2020052208298.0
007 cr|||| ||||
008 200522s2020 es |||||s|||| 00||0 spa d
020 |a 978-84-1324-494-5 
035 |a 31434 
040 |a vLex 
090 |c 10377  |d 10377 
100 1 |a Sǹchez-Garca̕, Jos ̌C. 
245 1 2 |a El proceso emprendedor  |h [Recurso electrn̤ico] /  |c Jos ̌C. Sǹchez-Garca̕, Brizeida R. Hernǹdez-Sǹchez 
256 |a Servicio en ln̕ea 
260 |a Madrid:  |b Dykinson,  |c 2020 
300 |a 1 recurso electrn̤ico 
506 1 |a Disponible solo en los productos indicados  |d vLex Global  |d vLex Global (Academic Edition, excluding Law Schools)  |d vLex Global (U.S. Academic Edition, Law Schools)  |d vLex Global (U.S. Academic Edition, excluding Law Schools)  |d vLex Global (Academic Edition, Law Schools) 
650 0 4 |a Derecho Mercantil y de la Empresa  |z Espaą 
700 1 |a Hernǹdez-Sǹchez, Brizeida R. 
740 0 |a vLex Libros (Servicio en ln̕ea) 
856 4 0 |u http://vlex.com/source/proceso-emprendedor-31434  |z Acceso restringido 
942 |c BOOK 
999 0 |a Commercial and Company Law